| 000 | 00405nam a2200169Ia 4500 | ||
|---|---|---|---|
| 005 | 20250603144722.0 | ||
| 008 | 250603s9999 xx 000 0 und d | ||
| 020 | _a9789787929926 | ||
| 050 | _aKP 84.5 I9/ | ||
| 100 | _aIwundu, Kennedy | ||
| 245 | 0 | _aContemporary Issues on Taxation in Nigeria | |
| 260 | _aNigeria | ||
| 260 | _bWoca Printing | ||
| 300 | _a227 p | ||
| 650 | _aNigeria | ||
| 942 | _cBK | ||
| 999 |
_c39749 _d39749 |
||